000 004600000a22001810004500
003 MACL
005 20150710173931.0
008 150710b xxu||||| |||| 00| 0 eng d
040 _aMACL
_cMACL
041 _aEnglish
082 _a320/ARS
100 _aRajan, Janaki
_91691
245 _aCommunalism In India
_bChallenge And Responce
260 _bManohar Publishers
_c1994
_aDelhi
350 _a220
650 _aPolitical Science
_988
942 _cBK
_k320
_2ddc
999 _c4106
_d4106